000 01300nam a2200349 a 4500
001 000110081
003 CHAP
005 20220329144117.0
008 140721s2014 mx sm |||||||spa d
010 _a106543
011 _a107515
040 _cCHAP
090 _aTesis
100 1 _aZacarías Martínez, Ángel Rene
_9127493
245 1 0 _aCaracterización molecular de cinco líneas y tre materiales comerciales de cacahuate (Arachis hypogaea L.)
_h[En línea]
_cÁngel Rene Zacarías Martínez.
260 _aChapingo, Méx. :
_bEl autor,
_c2014.
500 _aPara ver el contenido del material haga clic en la liga
502 _aTesis (Ing. Agr. Esp. en Fitotecnia) -- UACH. Departamento de Fitotecnia
590 _aBATCH-UPD
_b10
_c20141002
_lUCH01
_h0905
590 _aE11695DGD
_b10
_c20140722
_lUCH01
_h0910
590 _aE5995AHE
_b05
_c20140721
_lUCH01
_h1340
590 _aE5995AHE
_b05
_c20140721
_lUCH01
_h1341
590 _aE5995AHE
_b05
_c20140721
_lUCH01
_h1345
590 _aE5995AHE
_b05
_c20140721
_lUCH01
_h1353
650 1 4 _aCacahuate
_xGenética.
_916873
650 1 4 _aCacahuate
_xRendimiento.
_916900
650 1 4 _aCacahuate
_xVariedades.
_916912
856 _aFinding aid
_uhttp://10.13.5.2/tesis/sist110081.pdf
_zTeclea aquí
901 _aBK
942 _cTESIS
942 _n0
999 _c106543
_d106543